Biblioteca

Del triunfalismo a la madurez (Registro nro. 34387)

Detalles MARC
000 -LÍDER
Campo fijo de descripción fija 01578nam a2200313 i 4500
001 - NÚMERO DE CONTROL
Campo de control 768714001
003 - IDENTIFICADOR DEL NÚMERO DE CONTROL
Campo de control CO-MdFUSB
005 - FECHA Y HORA DE LA ULTIMA TRANSACCIÓN
control field 20230208084333.0
007 - CAMPO FIJO DE DESCRIPCIÓN FIJA--INFORMACIÓN GENERAL
Campo fijo de descripción fija ta
008 - ELEMENTOS DE LONGITUD FIJA -- INFORMACIÓN GENERAL
Campo fijo de descripción fija -- Información general 180314t1994 sp |||| |||| 00| 0 spa d
020 ## - NÚMERO INTERNACIONAL NORMALIZADO PARA LIBROS
Número Internacional Normalizado del libro 8487940064
040 ## - FUENTE DE CATALOGACIÓN
Agencia de catalogación original CO-MdFUSB
Idioma de catalogación spa
Agencia que realiza la transcripción CO-MdFUSB
Agencia que realiza la modificación CO-MdFUSBC
Convenciones de la descripción rda
041 0# - CÓDIGO DE IDIOMA
Código de idioma para texto/pista de sonido o título separado spa
Código de idioma original eng
082 04 - NÚMERO DE CLASIFICACIÓN DECIMAL DEWEY
Número de clasificación 227.3
Número de la edición del Dewey 23
Clave de autor-Numero de item C3212d
100 1# - ASIENTO PRINCIPAL--NOMBRE PERSONAL
Nombre personal Carson, Donald A.
Término relacionador autor
240 ## - TITULO UNIFORME
Título uniforme <a href="From triumphalism to maturity">From triumphalism to maturity</a>
245 14 - TÍTULO
Título del Material Del triunfalismo a la madurez
Parte restante del título - Subtitulo : una nueva exposición de 2 Corintios 10-13
Mención de responsabilidad, etc. / Donald A. Carson
264 #1 - PRODUCCIÓN, PUBLICACIÓN, DISTRIBUCIÓN, MANUFACTURA, Y COPYRIGHT
Lugar de producción, publicación, distribución, manufactura Barcelona, España :
Nombre del productor, publicador, distribuidor Andamio,
Fecha de producción, publicación, distribución, manufactura, o copyright [1994]
264 #4 - PRODUCCIÓN, PUBLICACIÓN, DISTRIBUCIÓN, MANUFACTURA, Y COPYRIGHT
Fecha de producción, publicación, distribución, manufactura, o copyright © 1994
300 ## - DESCRIPCIÓN FÍSICA
Extensión 223 páginas
Dimensiones ; 20 cm
336 ## - TIPO DE CONTENIDO
Fuente rdacontent
Término de tipo de contenido texto
Código de tipo de contenido txt
337 ## - TIPO DE MEDIO
Fuente rdamedia
Nombre del tipo de medio sin mediación
Código del tipo de medio n
338 ## - TIPO DE SOPORTE
Fuente rdacarrier
Nombre del tipo de soporte volumen
Código Tipo de soporte nc
505 ## - NOTA DE CONTENIDO
Nota de contenido con formato preestablecido Orientación a 2 Corintios 10-13. -- La desobediencia contra la disciplina: Un llamamiento a la fe obediente (10:1-6). -- Lo peligroso de la auto-promoción espiritual: Cómo no gloriarse en el Señor (10:7-18). -- El peligro del falso apostolado: Derrumbando los falsos criterios (11:1-15). -- Cualidades triunfalistas: Respondiendo a los necios conforme a su necedad (11:16-33). -- Acabando con los visionarios superespirituales: Gloriarse en la debilidad (12:1-10). -- Reprensión directa: Los errores de los corintios y los motivos del apóstol (12:11-21). -- La advertencia y la oración: En busca de la madurez (13:1-14).
563 ## - NOTA DE ENCUADERNACIÓN
Nota de encuadernación Rústico
630 07 - TITULO UNIFORME
Título uniforme Biblia.
Nombre de parte o sección de la obra Corintios, 2ª
Subdivisión de materia general Crítica, interpretación, etc
942 ## - TIPO DE MATERIAL (KOHA)
Tipo de Item KOHA Libros General
945 ## - INFORMACIÓN LOCAL DEL REGISTRO
Catalogador JTF-925
Existencias
Estado de Material Estado de Perdido Estado de Dañado No para Préstamo Colección Tomo Biblioteca de Origen Biblioteca Permanente Fecha de Adquisición Total de Préstamos Signatura Topográfica Código de Barras Última vez visto Última vez Préstado Ejemplar/Existencia Fecha de Remplazo Tipo de Material
        Colección General   Biblioteca FUSBC Biblioteca FUSBC 02/12/2004 1 G 227.3 C3212d 12061 06/11/2025 06/04/2017 1 26/01/2016 Libros General

Biblioteca FUSBC | Teléfono: (57+4) 349 88 10 Ext. 141| WhatsApp (+57) 3005338115 
E-mail: biblioteca@unisbc.edu.co | Calle 76 87-14 Robledo Palenque, Medellín, Colombia

Con tecnología Koha